| 000 | 00986nam a2200289 a 4500 | ||
|---|---|---|---|
| 001 | 000000004 | ||
| 003 | OSt | ||
| 005 | 20240613132626.0 | ||
| 008 | 081201s2008 dr 001 0 spa d | ||
| 020 | _a9789275329139 | ||
| 040 |
_aDO-SdBNP _bspa _cBPMSU |
||
| 082 |
_a001.42 _bP649m 2008 _222 |
||
| 100 | 1 | _aPineda, Elia B. | |
| 245 | 1 | 0 |
_aMetodología de la Investigación / _c Elia B. Pineda, Eva Luz de Alvarado |
| 250 | _a3a. ed. | ||
| 260 |
_aWshington D.C : _bOrganización Panamericana de la Salud. _c2008 |
||
| 300 |
_a260 p. : _bil., graf. ; _c28 cm. |
||
| 500 | _aIncluye referencias bibliográficas y notas al pie de las páginas | ||
| 504 | _aBibliografía : 259-260 | ||
| 590 | _aInventariado, 2025/VM | ||
| 650 | 4 |
_aMetodología de la Investigación _x |
|
| 650 | 4 |
_aProyectos de investigación _xMetodología. |
|
| 700 | 1 | _aAlvarado, Eva Luz de | |
| 710 | 2 | _aOrganización Panamericana de la salud | |
| 910 | _aVMateo V. Control de calidad. BPMSU | ||
| 942 |
_2ddc _cBK |
||
| 999 |
_c14665 _d14665 |
||